000 02100nam a2200469 a 4500
999 _c119153
_d119153
003 BLK
005 20241207151937.0
008 180409b bul|||||r ||||||| ||bul||
010 _aKNG00124767000
040 _aBLK
041 _aBUL
_cBUL
080 _aОпера. Музикална драма. Романтична опера. Опера-приказка
_b782.1
_x(497.2)
_z782.1(497.2)
100 _aСагаев, Любомир Константинов
_d1917-2001
_9376510
139 _aСагаев, Любомир Константинов
_bС 13
245 1 0 _aСъвременното българско оперно творчество
_cЛюбомир Константинов Сагаев.
257 _aBGR
260 _aСофия
_bНаука и изкуство
_c1974
300 _a228 с., 16 с.
_bс ил.
_c20 см
380 _a7
600 1 4 _aСтоянов, Веселин Анастасов
_9309309
600 1 4 _aГеров, Найден
_9373791
600 1 4 _aДимов, Иван Господинов
_9316058
600 0 _aСагаев, Димитър Константинов
_d1915-2003
_9261733
600 1 4 _aИкономов, Боян Георгиев
_9315190
600 0 _aКюркчийски, Красимир Цветанов
_d1936-2011
_cизтъкнат български композитор и диригент
_9387608
600 0 _aПиронков, Симеон Симеонов
_d1966-
_9387479
600 0 _aРайчев, Александър Иванов
_d1922-2003
_9378936
600 0 _aПипков, Любомир Панайотов
_d1904-1974
_9428881
650 0 _aОпера - България
_9269297
650 4 _aКомпозитори, български
_9241861
651 4 _aБългария
_9241624
653 _aОпера
653 _aБългария
653 _aкомпозитори
852 _aЦб 72238
856 4 _qpdf
856 4 _qpdf
942 _cKNG
_n0
_s1
944 _aCR
_c11.08.2011
_lГеновева Генчева
_k30560
944 _aED
_c2022-08-23
_kир
999 _d119153